| 000 | 00946nam a22002537i 4500 | ||
|---|---|---|---|
| 999 |
_c23371 _d23371 |
||
| 003 | AR-CdUCM | ||
| 008 | 250829b20242024 pe||||| |||| 00| 0 spa d | ||
| 040 |
_aMUNICIPALIDAD PROVINCIAL DEL CUSCO _cBIBLIOTECA MUNICIPAL DEL CUSCO |
||
| 041 | _hspa | ||
| 082 |
_a985.61 / F63J _bF63J |
||
| 110 |
_aMunicipalidad Distrital de Santiago Cusco _951513 |
||
| 245 | _aJorge Flores Ochoa - Vida y obra | ||
| 260 |
_aCusco : _bMunicipalidad de Santiago _c2024 |
||
| 300 |
_a219 páginas. : _bIlustraciones _c24x17 cm. |
||
| 505 | _aJorge Flores Ochoa padre y maestro -- Incanismo y resistencia -- El "Cosco" del Inca -- Osos no peregrinan a Qoyllurit'i -- Mamacha Nati | ||
| 650 |
_aFlores Ochoa _951514 |
||
| 650 |
_aIncanismo _951515 |
||
| 650 |
_aCultura cusqueña _92763 |
||
| 650 |
_aQoyllorit'i _951516 |
||
| 650 |
_aVirgen Natividad _928796 |
||
| 650 |
_aLa fiesta de los cusqueños _951517 |
||
| 942 |
_2ddc _cLIBROS |
||
| 945 |
_apjbr _d29-08-2025 |
||